Historia de la filosofía /

Gespeichert in:
Bibliographische Detailangaben
1. Verfasser: Marías, Julián (autor)
Weitere Verfasser: Zubiri, Xavier (prólogo) (prólogo), Ortega y Gasset, José (epílogo) (epílogo)
Format: Buch
Sprache:Spanisch
Veröffentlicht: México : Alianza, 1992, c1991
Tags: Tag hinzufügen
Keine Tags, Fügen Sie das erste Tag hinzu!

MARC

LEADER 00000nam^a2200000^a^4500
001 000620299
005 20260220000000.0
009 20260310133836.329
020 |a 84-206-8092-3 
037 |a Acervo ITESO - Biblioteca 
041 |a ESP 
091 |a FOB. 01193 
100 |a Marías, Julián  |e (autor) 
245 1 0 |a Historia de la filosofía / 
264 4 |a México :  |b Alianza,  |c 1992, c1991 
300 |a XXXVIII, 515 p. 
336 |a texto  |b txt  |2 rdacontenido 
337 |a sin mediación  |b n  |2 rdamedio 
338 |a volumen  |b nc  |2 rdasoporte 
649 |a XX 
700 |a Zubiri, Xavier  |e (prólogo) 
700 |a Ortega y Gasset, José  |e (epílogo) 
910 |a Fondo Carlos de Obeso Orendain 
920 |a Impresos - Libros 
930 |a Fondos Especiales 
905 |a 147 
901 |a 620299-10  |b IT2  |c ESP  |i D  |u 20250903 
902 |a https://opac.biblio.iteso.mx/vufind/Record/000620299